000 00930nam a22002537a 4500
999 _c4782
_d4782
003 AR-CdUCM
008 190311b ||||| |||| 00| 0 spa d
040 _aMUNICIPALIDAD PROVINCIAL DEL CUSCO
_cBIBLIOTECA MUNICIPAL DEL CUSCO
041 _heng
082 _22ed.
_a332.7 /
_bR71
100 _aRobertson, D. H.
_914778
245 _aEnsayos sobre la teoría monetaria /
260 _aMadrid :
_bAguilar,
_c1956.
300 _a257 páginas ;
_c21 cm.
505 _aTeorías de la política bancaria -- La crisis de 1931 -- La fluctuación industrial y e el tipo natural de intereses -- Una nota sobre la teoría del dinero -- La serpiente y la oruga...
650 _aTeoría monetaria.
_914779
650 _aEconomía.
_9382
650 _aComercio internacional.
_94073
650 _aIntereses.
_914780
650 _aDemanda.
_94621
700 _aFuentes Ruiz, Jose (traductor)
_914781
942 _2ddc
_cLIBROS
945 _awfj